| 000 | 00433nam a22001817a 4500 | ||
|---|---|---|---|
| 003 | NUST - PNEC | ||
| 005 | 20170116181147.0 | ||
| 008 | 151013b xxu||||| |||| 00| 0 eng d | ||
| 020 | _a- | ||
| 040 | _cLIBRARY | ||
| 082 | _a925 MAR | ||
| 100 |
_915060 _aMargenau, Henry |
||
| 245 |
_aThe scientist _cHenry Margenau |
||
| 250 | _aSecond Edition | ||
| 260 | _cc.1989 | ||
| 650 |
_915062 _aScientists _xGeneral |
||
| 942 |
_2ddc _cBK |
||
| 999 |
_c70744 _d70744 |
||